000 00381nam a22001337a 4500
999 _c3765
_d3765
008 200629b ||||| |||| 00| 0 eng d
082 0 0 _a628.16833
_bC811
100 _93093
_aCormack, D.
245 1 0 _aResponse to oil and chemical marine pollution /
_cby D. Cormack
260 _aLondon
_bApplied Science Pub
_c1983
300 _axxv, 531 p.
650 0 _aMarine Pollution
942 _cBK